| Tag |
First Indicator |
Second Indicator |
Subfields |
| LEADER |
00000cam a2200000 4500 |
| 001 |
in00000076467 |
| 005 |
20151008052714.0 |
| 008 |
721212s1903 mau b 00000 eng u |
| 010 |
|
|
|a 03007341
|
| 035 |
|
|
|a (OCoLC)00512304
|
| 035 |
|
|
|9 AAH4543AM
|
| 040 |
|
|
|c KSU
|d TXA
|d UtOrBLW
|
| 049 |
|
|
|a TXAM
|c [1685]
|
| 050 |
0 |
0 |
|a HF353
|b .W38
|
| 100 |
1 |
|
|a Webster, William Clarence,
|d 1866-
|
| 245 |
1 |
2 |
|a A general history of commerce /
|c by William Clarence Webster.
|
| 264 |
|
1 |
|a Boston
|a London :
|b Ginn & company,
|c 1903.
|
| 300 |
|
|
|a ix, 526 pages :
|b frontispiece, plates, maps. ;
|c 20 cm.
|
| 336 |
|
|
|a text
|b txt
|2 rdacontent
|
| 337 |
|
|
|a unmediated
|b n
|2 rdamedia
|
| 338 |
|
|
|a volume
|b nc
|2 rdacarrier
|
| 500 |
|
|
|a Contains "References".
|
| 650 |
|
0 |
|a Commerce.
|
| 999 |
|
|
|a MARS
|
| 999 |
f |
f |
|s 18ea723d-6b2a-33d8-b4bc-f143613ad5a0
|i b69b7b25-cb37-3c1a-8e27-306541a5bd40
|t 0
|
| 952 |
f |
f |
|p ric
|a Texas A&M University
|b Rellis Campus
|c Joint Library Facility
|d Remote Storage
|t 0
|e HF353 .W38
|h Library of Congress classification
|i unmediated -- volume
|m A14800871393
|
| 998 |
f |
f |
|a HF353 .W38
|t 0
|l Remote Storage
|